কেরী সাহেবের মুন্সী / (Record no. 1253)
[ view plain ]
| 000 -LEADER | |
|---|---|
| fixed length control field | 00561nam a2200205 a 4500 |
| 001 - CONTROL NUMBER | |
| JCCL Control Number | 1253 |
| 003 - CONTROL NUMBER IDENTIFIER | |
| JCCL marc code | BD-JhCC |
| 005 - DATE AND TIME OF LATEST TRANSACTION | |
| control field | 20171021115259.0 |
| 008 - FIXED-LENGTH DATA ELEMENTS--GENERAL INFORMATION | |
| fixed length control field | 171017s bg |||| ||a| 000 0 ben d |
| 035 ## - SYSTEM CONTROL NUMBER | |
| system control number | (BD-JhCC)1253 |
| 040 ## - CATALOGING SOURCE | |
| Original cataloging agency | BD-JhCC |
| Modifying agency | BD-JhCC |
| 041 ## - LANGUAGE CODE | |
| Language code of Book | ben |
| 082 ## - DEWEY DECIMAL CLASSIFICATION NUMBER | |
| Classification number | 891.443 |
| Author mark and Year | BIS |
| 100 ## - MAIN ENTRY--PERSONAL NAME | |
| Personal name | বিশী, প্রমথনাথ |
| 245 ## - TITLE STATEMENT | |
| Title | কেরী সাহেবের মুন্সী / |
| Statement of responsibility, etc | প্রমথনাথ বিশী |
| 300 ## - PHYSICAL DESCRIPTION | |
| Pagination | 462 p. : |
| Dimensions | 21 cm. |
| 650 ## - SUBJECT ADDED ENTRY--TOPICAL TERM | |
| Topical term or geographic name as entry element | Bengali Novel |
| 942 ## - ADDED ENTRY ELEMENTS (KOHA) | |
| Source of classification or shelving scheme | Dewey Decimal Classification |
| Koha item type | Books |
| Source of classification or shelving scheme | Damaged status | Not for loan | Home library | Current library | Shelving location | Date of accession | Total Checkouts | Full call number | Barcode | Date last seen | Copy number | Koha item type |
|---|---|---|---|---|---|---|---|---|---|---|---|---|
| Dewey Decimal Classification | JCC Rouf Library | JCC Rouf Library | General Stacks | 10/17/2017 | 891.443 BIS | 1855 | 10/17/2017 | C-1 | Books |